000 00403nam a22001577a 4500
005 20240611141748.0
008 231208b |||||||| |||| 00| 0 eng d
082 _a297.53
_bALA-A
100 _aAlam ,Fakri Allama
245 _aAhkaam-e-Roza/
_cllama Alam Fakri
260 _aLahore;
_bShabbir Brothers;
_c1993.
300 _a320 p.:
_c20.8 cm.
650 _aReligion/Islam
999 _c34858
_d34858